Полимеризация фракций жидких продуктов пиролиза с использованием растворимых каталитических комплексов хлорида алюминия; Химия и химическая технология в XXI веке

Dades bibliogràfiques
Parent link:Химия и химическая технология в XXI веке.— 2003.— С. 45-46
Autor principal: Горлова Т. Н.
Altres autors: Бондалетов В. Г. Владимир Григорьевич (научный руководитель)
Idioma:rus
Publicat: 2003
Matèries:
Format: MixedMaterials Capítol de llibre
KOHA link:https://koha.lib.tpu.ru/cgi-bin/koha/opac-detail.pl?biblionumber=229493

MARC

LEADER 00000naa2a2200000 4500
001 229493
005 20231031202402.0
035 |a (RuTPU)RU\TPU\book\250109 
090 |a 229493 
100 |a 20130111d2003 k y0rusy50 ca 
101 0 |a rus 
102 |a RU 
200 1 |a Полимеризация фракций жидких продуктов пиролиза с использованием растворимых каталитических комплексов хлорида алюминия  |f Т. Н. Горлова  |g науч. рук. В. Г. Бондалетов 
463 0 |0 (RuTPU)RU\TPU\book\84423  |t Химия и химическая технология в XXI веке  |o тезисы IV Всероссийской студенческой научно-практической конференции, 13-14 мая 2003, Томск  |f ТПУ  |v С. 45-46  |d 2003   |p 148 с. 
610 1 |a жидкие продукты пиролиза 
610 1 |a полимеризация 
610 1 |a каталитический комплекс 
610 1 |a хлорид алюминия 
610 1 |a труды учёных ТПУ 
700 1 |a Горлова  |b Т. Н. 
702 1 |a Бондалетов  |b В. Г.  |c химик-технолог  |c профессор Томского политехнического университета, доктор химических наук  |f 1957-  |g Владимир Григорьевич  |2 stltpush  |4 727 
801 1 |a RU  |b 63413507  |c 20130111 
801 2 |a RU  |b 63413507  |c 20160614  |g RCR 
942 |c BK